Колебания упругих оболочек , содержащих жидкость и газ

Библиографические подробности
Главный автор: Ильгамов М. А.
Автор-организация: Академия наук СССР (АН СССР) Казанский физико-технический институт (КФТИ)
Язык:русский
Опубликовано: Москва, Наука, 1969
Предметы:
Формат: Книга
Запись в KOHA:https://koha.lib.tpu.ru/cgi-bin/koha/opac-detail.pl?biblionumber=146845

MARC

LEADER 00000nam0a2200000 4500
001 146845
005 20231031144803.0
035 |a (RuTPU)RU\TPU\book\159176 
090 |a 146845 
100 |a 20081105d1969 m y0rusy50 ca 
101 0 |a rus 
102 |a RU 
105 |a a z 001zy 
200 1 |a  Колебания упругих оболочек , содержащих жидкость и газ  |f  М. А. Ильгамов  |g Казанский физико-технический институт 
210 |a Москва  |c Наука  |d  1969 
215 |a 183 с.  |c черт. 
320 |a Библиогр.: с. 176-181. 
610 1 |a оболочки 
610 1 |a колебания 
610 1 |a упругие оболочки 
610 1 |a тонкостенные оболочки 
610 1 |a газодинамика 
610 1 |a горение 
610 1 |a упругость 
675 |a 539.3  |v 3 
675 |a 534  |v 3 
700 1 |a Ильгамов  |b М. А. 
712 0 2 |a Академия наук СССР (АН СССР)  |b Казанский физико-технический институт (КФТИ)  |2 stltpush  |3 (RuTPU)RU\TPU\col\6761 
801 1 |a RU  |b 63413507  |c 20081105  |g PSBO 
801 2 |a RU  |b 63413507  |c 20140416  |g PSBO 
942 |c BK